Statistics for Most Common Words in The Simpsons Chalkboard Gags

Click here to take the quiz!

General Stats

  • This quiz has been taken 193 times
  • The average score is 8 of 18

Answer Stats

#Word% Correct
169I
93%
16no
82%
264not
75%
114will
75%
76a
73%
92the
60%
21do
54%
80is
43%
22in
39%
16on
33%
32to
32%
43my
28%
18of
25%
19am
23%
22are
23%
15for
19%
15this
15%
16does
8%

Score Distribution

Percentile by Number Answered

Percent of People with Each Score

Your Score History

You have not taken this quiz